1037 1136 1208 1200 1632 1525 1946 1019 1398 1864 1811 1858 1297 1690 1229 1728 1431 1747 1770 1666 2000 1466 1183 1782 1472 1976 1882 1901 1644 1326 1085 1139 1918 1155 1833 1089 1011 1778 1041 1776 1205 1797 1584 1266 1287 1101 1647 1889 1126 1253 1865 1791 1899 1071 1127 1454 1599 1420 1947 1412 1279 1606 1754 1492 1538 1839 1087 1280 1196 1927 1199 1657 1630 1982 1764 1811 1908 1970 1911 1541 1206 1852 1007 1279 1483 1528 1586 1481 1262 1793 1857 1068 1019 1425 1500 1379 1344 2000 1362 BCNSPRNW ULIB Ver.6.0+V

เปลี่ยนเป็นภาษาไทย

Change to English
 แสดงรายละเอียดบรรณานุกรม
  กลับหน้าหลัก

Brief Record : Get Marc (ISO 2709) : E-mail record : QR code < ปิดหน้าต่าง
LEADER : 00000nam 2200000uu 4500
001    13399121271
003     ULIB
008    020711s2540 th a 000 0 tha d
020    9746037323
050    PN^bค111น
100    วอลเตอร์ อาร์.บรูกส์
245    นักสืบหมูFreddy The Detective/^cวอลเตอร์ อาร์.บรูกส์
250    พิมพ์ครั้งที่ 1
260    กรุงเทพฯ :^bดอกหญ้า,^c2540
300    195 หน้า
945    ^p110^l0^i13989
999    ^aทศพร เกษรทอง
รายการนี้ยังไม่มีแท็ก
คุณยังไม่ได้ล็อกอิน คุณสามารถมีกิจกรรมร่วมกับเว็บไซต์ได้ แต่ต้องล็อกอินก่อน ::
  ล็อกอิน

รายการสื่อสารสนเทศ

ลำดับที่ ประเภท เลขเรียก/บาร์โค้ด สถานที่ สถานะ
1. วิทยาศาสตร์การแพทย์ และสุขภาพ
วิทยาศาสตร์การแพทย์ และสุขภาพ
PN ค111น  
  Barcode: 13989
ห้องสมุดวิทยาเขตสวรรค์ประชารักษ์
►หนังสือทั่วไป
บนชั้น

BibComment


ยังไม่เคยถูกคอมเมนท์

คอมเมนท์ทรัพยากรรายการนี้
  คอมเมนท์: นักสืบหมูFreddy T..


 Copyright 2026. Bcnsprnw @Library